000
00314nam a2200133Ia 4500
008
191201s2005 xx 000 0 und d
082
_a
658.3
_b
ICC
100
_a
ICFAI
245
0
_a
Case Studies in Human Resource Management
260
_a
N.Delhi
_b
ICFAI
_c
2005
300
_a
321
650
_a
MBA
942
_2
ddc
_c
BK
999
_c
3325
_d
3325